00247 a2200097 450000100060000008200180000610000150002424500660003926000310010530000130013613221 a621.38132 PED aPedro, J.C aIntermodulation Distortion in Microwave and Wireless circuits alondonbArtech Housec2003 axiv, 432